Temas selectos de banca y política exterior mexicana : 1983-1990 /

Kaydedildi:
Detaylı Bibliyografya
Yazar: Olloqui, José Juan de (autor)
Materyal Türü: Kitap
Dil:İspanyolca
Baskı/Yayın Bilgisi: México : Universidad de Guadalajara, 1991, c1991
Seri Bilgileri:(Aula Magna Universidad de Guadalajara)
Konular:
Etiketler: Etiketle
Etiket eklenmemiş, İlk siz ekleyin!

MARC

LEADER 00000nam^a2200000^a^4500
001 000032605
005 20250521000000.0
009 20260310085127.531
020 |a 968-895-267-2 
037 |a Acervo ITESO - Biblioteca 
041 |a ESP 
082 |a 330. 9720639  |b OLL 
100 |a Olloqui, José Juan de  |e (autor) 
245 1 0 |a Temas selectos de banca y política exterior mexicana :  |b 1983-1990 /  |c J.J. de Olloqui. 
264 4 |a México :  |b Universidad de Guadalajara,  |c 1991, c1991 
300 |a 159 p. 
336 |a texto  |b txt  |2 rdacontenido 
337 |a sin mediación  |b n  |2 rdamedio 
338 |a volumen  |b nc  |2 rdasoporte 
440 1 |a (Aula Magna Universidad de Guadalajara) 
649 |a XX 
650 |a Apertura Comercial e Integración Económica -  |z México 
650 |a Finanzas Públicas -  |z México 
650 |a Comercio Exterior -  |z México 
650 |a Relaciones Internacionales -  |z México-EUA 
650 |a Relaciones Internacionales -  |z México-Asia 
650 |a Economía -  |z México -  |x Historia -  |y 1982-1988 
650 |a Economía -  |z México -  |x Historia -  |y 1988-1994 
650 |a México -  |x Condiciones Económicas 
910 |a Fondo General 
920 |a Impresos - Libros 
930 |a Colección General 
905 |a 101 
901 |a 0326050100  |b IT1  |c ACC  |i 032605  |u 20250521 
902 |a https://opac.biblio.iteso.mx/vufind/Record/000032605